000 00553nam a2200205Ia 4500
001 19864
003 GE_BSU
008 181216s||||||||xx |||||||||||||| ||und||
040 _cGE_BSU
245 4 _aThe Review of Politics: Volume 78, №4.
245 _cEditor:CATHERINE H. ZUCKERT.
260 _aCambridge
260 _bCambridge University Press,
260 _c2016
300 _a686p;ill;18cm.
653 _aThe Review of Politics: Volume 78, №4.
653 _aნაჩუქარი
653 _aპერიოდიკა
942 _cCR
999 _c52834
_d52834